| 000 | 02465nam a2200325Ia 4500 | ||
|---|---|---|---|
| 999 |
_c49233 _d49233 |
||
| 001 | 16145 | ||
| 003 | GE_BSU | ||
| 005 | 20241206162613.0 | ||
| 008 | 181216s2015||||ge |||||||||||||| ||geo|| | ||
| 020 | _a9789941240010 | ||
| 040 | _cGE_BSU | ||
| 041 | _ageo | ||
| 080 | _a27-36 მ-58 | ||
| 245 |
_cმესვეტენი : _aწმინდა სვიმეონ მესვეტე (უფროსი), წმინდა დანიელი, წმინდა სვიმეონ მესვეტე (უმცროსი), წმინდა ნიკიტა მესვეტე, წმინდა ალვიპი მესვეტე, წმინდა ლუკა მესვეტე / _bშემდგენელი კახაბერ კენკიშვილი ; გარეკანის დიზაინი ეთერ გზირიშვილი. |
||
| 264 |
_aთბილისი : _bპალიტრა L, _c2015. |
||
| 300 |
_a152 გვ. : _bილ. ; _c20 სმ. |
||
| 490 |
_aსაქართველოს იმედი II : ყველა წმინდანი, რომელთა შესახებაც უნდა იცოდე / პროექტის რედაქტორი თამარ მამაცაშვილი ; _vწიგნი 23 |
||
| 500 | _aიბეჭდება სრულიად საქართველოს კათოლიკოს-პატრიარქის, უწმინდესისა და უნეტარესის ილია II-ის ლოცვა-კურთხევით | ||
| 504 | _aბიბლიოგრაფია : გვ. 48 | ||
| 541 | _h2ლ. | ||
| 653 | _aმესვეტენი | ||
| 653 | _a წმინდა სვიმეონ მესვეტე(უფროსი) წმინდა დანიელი | ||
| 653 | _a წმინდა სვიმეონ მესვეტე (უმცროსი) | ||
| 653 | _a წმინდა ალგიპი მესვეტე | ||
| 653 | _a წმინდა ლუკა მესვეტე | ||
| 653 | _aრელიგია | ||
| 700 |
_aკენკიშვილი, კახაბერ _eშემდგენელი _923895 |
||
| 700 |
_aგზირიშვილი, ეთერ _eგარეკანის დიზაინი _923896 |
||
| 942 |
_cBK _2udc |
||